مكتبة جامعة عجلون الوطنية

فهرس بحث المكتبة

Normal view MARC view
  • الاهرام- اثار مصر- الغرائب- عالم ما وراء الطبيعة

Entry Topical Term

Number of records used in: 1

001 - CONTROL NUMBER

  • control field: 57028

003 - CONTROL NUMBER IDENTIFIER

  • control field: JO-AjAnu

005 - DATE AND TIME OF LATEST TRANSACTION

  • control field: 20230606083336.0

008 - FIXED-LENGTH DATA ELEMENTS

  • fixed length control field: 230606|| aca||aabn | a|a d

040 ## - CATALOGING SOURCE

  • Original cataloging agency: JO-AjAnu
  • Transcribing agency: JO-AjAnu

150 ## - HEADING--TOPICAL TERM

  • Topical term or geographic name entry element: الاهرام- اثار مصر- الغرائب- عالم ما وراء الطبيعة

670 ## - SOURCE DATA FOUND

  • Source citation: Work cat.: (JO-AjAnu)29099: شول، بيل ؛ م.مشارك: إد بتيت ؛ ترجمة امين سلامة, author 57027, القوة النفسية للأهرام